000 00786nam a2200253 a 4500
003 DO-SdBNP
005 20221025144154.0
007 ta
008 221025e2010 dk ao||frc||| 001 0 eng d
020 _a9788792681027
040 _aDO-SdBNP
_bspa
_cBNPHU
041 _heng
082 4 _222
_bV427n
245 0 0 _a20 nordic public libraires. /
_bEditor, Jonna Holmgaard Larsen
246 _aVeinte nordic public libraires
260 4 _aKøbenhavn :
_bDanish Agency for Libraries and Media,
_c2010
300 _a111 p. :
_bil., forgraf.
_c28 cm.
590 _aInventariado 2022 / MF
650 4 _947158
_aCatálogos de Bibliotecas nordicas
650 4 _940773
_aBiblioteca
_xCatálogos
650 4 _943212
_aBibliotecas Públicas
_xCatálogos
910 _aMFeliz
942 _2ddc
_cLBS1
999 _c52638
_d52638